Nature lovers, picnickers and bourgeois environmentalism (Record no. 81763)

000 -LEADER
fixed length control field 01257pab a2200193 454500
008 - FIXED-LENGTH DATA ELEMENTS--GENERAL INFORMATION
fixed length control field 180718b2009 xxu||||| |||| 00| 0 eng d
100 ## - MAIN ENTRY--PERSONAL NAME
Personal name Mawdsley, Enna
245 ## - TITLE STATEMENT
Title Nature lovers, picnickers and bourgeois environmentalism
260 ## - PUBLICATION, DISTRIBUTION, ETC.
Date of publication, distribution, etc. 2009
300 ## - PHYSICAL DESCRIPTION
Extent p.49-59.
362 ## - DATES OF PUBLICATION AND/OR SEQUENTIAL DESIGNATION
Dates of publication and/or sequential designation 14 Mar
520 ## - SUMMARY, ETC.
Summary, etc. India's middle class visitors to the country's wildlife sanctuaries and protected areas are ignored in policy formulation as well as academic analyses of wildlife conservation. Traditionally, the conservation discourse has focused on the face-off between elite conservation institutions and the marginalised social groups, with domestic tourists being overlooked. At best, the latter are looked upon by the scientific-administrative lite as frivolous picickers. But this neglect of an ever-increasing constituency is an opportunity lost to gain its support for conservation policies and practices. It also means that the considerable investment and planning needed to promote environmental education as part of a visit to a protected area is missing. - Reproduced.
650 ## - SUBJECT ADDED ENTRY--TOPICAL TERM
Topical term or geographic name entry element Wildlife Conservation
700 ## - ADDED ENTRY--PERSONAL NAME
Personal name Beazley, Kim
700 ## - ADDED ENTRY--PERSONAL NAME
Personal name Mehra, Deepshikha
773 ## - HOST ITEM ENTRY
Main entry heading Economic and Political Weekly
908 ## - PUT COMMAND PARAMETER (RLIN)
Put command parameter N
909 ## -
-- 81763
Holdings
Withdrawn status Lost status Damaged status Not for loan Permanent Location Current Location Date acquired Serial Enumeration / chronology Barcode Date last seen Price effective from Koha item type
        Indian Institute of Public Administration Indian Institute of Public Administration 2018-07-19 Volume no: 44, Issue no: 11 AR82223 2018-07-19 2018-07-19 Articles

Powered by Koha